| 000 | 00442nam a22001817a 4500 | ||
|---|---|---|---|
| 003 | MPLRDC | ||
| 005 | 20220104143632.0 | ||
| 008 | 210129b ||||| |||| 00| 0 eng d | ||
| 020 | _a7-5063-1903-9 | ||
| 082 | _a848.4 JPA-14 | ||
| 100 | _a贾平凹 | ||
| 245 |
_a怀念狼 _c |
||
| 250 | _a一版一刷 | ||
| 260 |
_a中国 _b作家出版社 _c2000 |
||
| 300 | _b272 | ||
| 650 | _a中国文学--长篇小说 | ||
| 942 |
_cBK _o848.4 JPA-14 |
||
| 999 |
_c41850 _d41840 |
||